Catálogo

Vista normal Vista MARC

Entrada Personal Name

Número de registros utilizados en: 1

001 - CONTROL NUMBER

  • control field: 9564

003 - CONTROL NUMBER IDENTIFIER

  • control field: DLC

005 - DATE AND TIME OF LATEST TRANSACTION

  • control field: 20190709093227.0

008 - FIXED-LENGTH DATA ELEMENTS

  • fixed length control field: 060123n| acannaabn |n aaa

010 ## - LIBRARY OF CONGRESS CONTROL NUMBER

  • LC control number: n 2006004749

035 ## - SYSTEM CONTROL NUMBER

  • System control number: (OCoLC)oca06834765

040 ## - CATALOGING SOURCE

  • Original cataloging agency: DLC
  • Language of cataloging: spa
  • Transcribing agency: Mx-PuUPA
  • Modifying agency: NjBlaOCU
  • Modifying agency: Mx-PuUPA
  • Description conventions: rda

046 ## - SPECIAL CODED DATES

  • Birth date: 1970

100 1# - HEADING--PERSONAL NAME

  • Personal name: Dickheiser, Michael,
  • Dates associated with a name: 1970-

372 ## - FIELD OF ACTIVITY

  • Field of activity: Juegos y programación

374 ## - OCCUPATION

  • Occupation: Autor

670 ## - SOURCE DATA FOUND

  • Source citation: Game programming gems 6, 2006:
  • Information found: ECIP t.p. (Michael Dickheiser) pub. info. (b. Jan. 13, 1970)

670 ## - SOURCE DATA FOUND

  • Source citation: C++ for game programmers, c2007:
  • Information found: t.p. (Michael J. Dickheiser) p. 4 of cover (Technical Director at Virtual Heroes, Inc.)